Stopnie służbowe w PSP - Statystyki

Ogólne statystyki
  • Ten quiz został rozwiązany 182 razy
  • Średni wynik to 16 z 19
Statystyki odpowiedzi
Obrazkowy Odpowiedź % Poprawnych
strażak
98%
starszy strażak
95%
aspirant
93%
ogniomistrz
92%
młodszy ogniomistrz
90%
starszy aspirant
90%
młodszy aspirant
89%
starszy ogniomistrz
88%
aspirant sztabowy
85%
sekcyjny
85%
starszy sekcyjny
84%
brygadier
83%
młodszy brygadier
79%
kapitan
78%
starszy kapitan
77%
nadbrygadier
76%
starszy brygadier
75%
młodszy kapitan
73%
generał brygadier
66%
Nie znaleziono quizów pasujących do podanych kryteriów
Rozkład punktacji
Procent ludzi z każdym wynikiem
Percentyl według liczby udzielonych odpowiedzi
Twoja historia wyników
Nie rozwiązałeś tego quizu